JetPunk Comments Quiz - Statistics

General Stats
  • This quiz has been taken 10 times
    9 since last reset
  • The average score is 4 of 11
Answer Stats
% Correct
In the European island of Cyprus, the sky is often brown. Accept brown?
50%
Add "b" as a type-in?
38%
I kept entering "azure" and it wouldn't work. You should accept "azure"
38%
I need more time. Consider adding an hour?
38%
Why don't you accept "cerulean"?
38%
I kept typing in "red" and it wouldn't work. Maybe accept "red"?
25%
Show respect to people who don't speak English, accept bleu and azul.
25%
The sky isn't always blue. You should accept "gray".
25%
Too easy. I'm colorblind, have haven't seen the sky in twenty years, don't speak any English, and still finished 11/11 with two hours to spare
25%
You accept "gray" but not "grey"? Why isn't this free website better managed?
25%
You're othering people with colorblindness. Consider accepting "light gray"
25%
No matching quizzes found
Score Distribution
Percent of People with Each Score
Percentile by Number Answered
Your Score History
You have not taken this quiz since the last reset